Before and After: Celebrity/Character Quiz Stats

 Plays Quiz Updated Jun 20, 2019

Score 0/15 Timer 06:00
2 Plays Today
% Correct
Stone Cold Steve
91%
Boy
89.6%
Katy
86%
Dick
84.4%
Larry
84.3%
Jackie
83.4%
Ron
82.7%
Debbie
81.6%
% Correct
Rob
78.8%
Lil
76.4%
Greg
73.5%
P.
71.6%
Danica
68.8%
Harrison
67.1%
Dwyane
63.3%

You're not logged in!

Compare scores with friends on all Sporcle quizzes.
OR
Log In

Sporcle TV

Today on Sporcle TV


Watch our educational content, quiz creation guides, and fun videos on Sporcle TV.

Show Comments

Extras

Top Quizzes Today


Score Distribution

Your Account Isn't Verified!

In order to create a playlist on Sporcle, you need to verify the email address you used during registration. Go to your Sporcle Settings to finish the process.

Report this User

Report this user for behavior that violates our Community Guidelines.

Details: